Nghiên cứu P5 của chiến lược marketing Lobby ứng dụng trong kinh doanh Ngô Công Thành

Αποθηκεύτηκε σε:
Λεπτομέρειες βιβλιογραφικής εγγραφής
Κύριος συγγραφέας:  Ngô Công Thành
Μορφή: Sách
Γλώσσα:Undetermined
Έκδοση:  Thanh Niên  2009
Θέματα:
Ετικέτες: Προσθήκη ετικέτας
Δεν υπάρχουν, Καταχωρήστε ετικέτα πρώτοι!
Thư viện lưu trữ: Trung tâm Thư viện - Trường Đại học Công nghiệp TP. Hồ Chí Minh
LEADER 00575nam a2200157Ia 4500
001 UIH_06752
008 231011s9999 xx 000 0 und d
082 |a  658.81 
100 |a  Ngô Công Thành 
245 0 |a  Nghiên cứu P5 của chiến lược marketing Lobby ứng dụng trong kinh doanh Ngô Công Thành 
245 0 |c  Ngô Công Thành 
260 |b  Thanh Niên 
260 |c  2009 
650 |a  Quản trị tiếp thị;  
927 |a Sách 
980 |a Trung tâm Thư viện - Trường Đại học Công nghiệp TP. Hồ Chí Minh